Statistiques concernant Classement des poids moyens de l'UFC

Cliquez ici pour prendre le quiz!

Statistiques générales

  • Ce quiz a été pris 207 fois
    (193 depuis la dernière actualisation)
  • Le résultat moyen est 8 sur 16

Statistiques - réponses

HintRéponse% Correct
#2Israel Adesanya
96%
#1Sean Strickland
92%
CHAMPDricus Du Plessis
90%
#9Khamzat Chimaev
74%
#11Nassourdine Imavov
62%
#3Robert Whittaker
61%
#6Paulo Costa
60%
#5Marvin Vettori
45%
#4Jared Cannonier
44%
#8Roman Dolidze
42%
#14Chris Curtis
29%
#7Brendan Allen
18%
#10Jack Hermansson
18%
#12Paul Craig
13%
#13Anthony Hernandez
6%
#15Caio Borralho
5%

Distribution des résultats

Percentile par nombre de réponses

% des personnes avec chaque résultat

Votre développement - résultats

Vous n’avez pas pris ce quiz depuis la dernière actualisation